| 000 | 00656 a2200205 4500 | ||
|---|---|---|---|
| 005 | 20251211134800.0 | ||
| 008 | 251211b |||||||| |||| 00| 0 eng d | ||
| 020 | _a9781984694416 (pbk) | ||
| 037 | _cTB | ||
| 040 |
_aAL _cAL |
||
| 041 |
_2eng _aeng |
||
| 084 |
_aY15:7:7 R5 _qAL |
||
| 100 |
_aReed, Hannah _9846811 |
||
| 245 | _aGender stereotyping | ||
| 260 |
_aNew York, USA: _b3G E-Learning, _c2025. |
||
| 300 | _axviii, 294p. | ||
| 365 |
_b6999.00 _cINR |
||
| 942 |
_cTB _2CC _n0 _hY15:7:7 R5 |
||
| 999 |
_c1464173 _d1464173 |
||